Miitopia Monster Quiz - Statistics

General Stats
  • This quiz has been taken 3 times
  • The average score is 28 of 262
Answer Stats
No. Location Monster % Correct
091 Karkaton Dark Lord
100%
234 Uncharted Galados Replica Dark Lord
100%
150 Otherworld Alien
50%
170 Galados Isle (Quest) Alien "Traveler"
50%
009 Greenhorne Banshee
50%
078 Karkaton Peak, Karkaton Bomb
50%
262 Tower of Despair Boss Snurp
50%
103 Peculia Bread
50%
004 Greenhorne Butterfly "Carefree Guide" (Silver)
50%
068 Realm of the Fey Butterfly "Scaredy-Cat" (Green)
50%
080 Karkaton Cerberus
50%
081 Karkaton, Powdered Peaks Clever Imp
50%
041 Neksdor "Desert Celebrity" (Fine Wind, Clear Morning)
50%
090 Karkaton Dragon
50%
144 The Sky Scraper "Fab Fairy"pole
50%
123 Nimbus (Quest) "Friend from Nimbus" UFO
50%
023 Greenhorne General "Princess"
50%
003 Greenhorne, Neksdor Goblin
50%
136 The Sky Scraper Gold General "Princess"
50%
158 Overworld (Map), Peculia, Otherworld Gold Snurp
50%
152 Otherworld "Great Sage"'s Left Hand
50%
153 Otherworld "Great Sage"'s Right Hand
50%
155 Otherworld "Great Sage", The Darkest Lord
50%
017 Greenhorne, Neksdor, Realm of the Fey, Peculia, Otherworld Green Snurp
50%
018 Greenhorne, Neksdor Griffin
50%
101 Powdered Peaks (Quest) Ice Queen "Kidnapped Friend"
50%
020 Greenhorne, Karkaton Ascent, Karkaton Imp
50%
011 Greenhorne Imp "Cheery Granny"
50%
014 Greenhorne "King" Golem
50%
022 Greenhorne, Karkaton Mage Goblin
50%
012 Greenhorne, Neksdor, Karkaton Ascent Mole
50%
043 Neksdor Mummy
50%
092 Powdered Peaks Pengy
50%
049 Neksdor Pharaoh "Genie"
50%
141 The Sky Scraper Pharaoh "Genie" II
50%
050 Realm of the Fey Pom
50%
057 Realm of the Fey Pom Pom
50%
062 Realm of the Fey Pom Pom Pom
50%
160 Overworld (Map), Peculia, Otherworld Rare Snurp
50%
102 Peculia Running Nose
50%
187 New Lumos (2nd District, 3rd District) Silver Woof-o'-the-Wisp
50%
071 Karkaton Ascent Skulleton
50%
135 The Sky Scraper Strong "King" Golem
50%
162 Overworld (Map), Otherworld Tasty Snurp
50%
191 (Quest) "Traveler" Bread
50%
193 Galados Isle (Quest) "Traveler's Friend" Frog
50%
227 (Quest) "Traveler's Friend" Tomato
50%
110 Peculia "Traveler" Woof-o'-the-Wisp
50%
051 Realm of the Fey Twerkey
50%
133 The Sky Scraper UFO
50%
161 Otherworld Very Rare Snurp
50%
099 Powdered Peaks, Otherworld, New Lumos (3rd District) Water Snurp
50%
070 Realm of the Fey "Youngest Fab Fairy" Frog (Blue)
50%
124 Nimbus Aging Robot
0%
116 Neksdor, Karkaton Ammonite Fossil
0%
218 (Quest) Ancient Robot
0%
175 New Lumos (2nd District) Angry Queen
0%
010 Greenhorne, Realm of the Fey Apple Jelly
0%
066 Realm of the Fey Arachno"Middle Fab Fairy"
0%
171 (Quest) Baby Dragon
0%
060 Realm of the Fey Banana Mii Trap
0%
134 The Sky Scraper Banshee Brainbox
0%
055 Realm of the Fey Bansheevil
0%
207 New Lumos (4th District) Black Butterfly
0%
221 Uncharted Galados, New Lumos (6th District) Black Harpy
0%
151 New Lumos (7th District, 8th District) Black Snurp
0%
222 New Lumos (6th District) Bloon
0%
188 New Lumos (2nd District) Bloon Loon Loon
0%
039 Neksdor Blue Cobra
0%
258 Tower of Despair Blue Goddess
0%
165 Galados Isle Blue Lizardman
0%
073 Karkaton Ascent, Karkaton, Powdered Peaks Blue Minotaur
0%
142 The Sky Scraper Blue Snail
0%
180 New Lumos (1st District, 2nd District) Brand-New Robot
0%
097 Powdered Peaks Brave Mole
0%
079 Karkaton Burning Mummy
0%
074 Karkaton Ascent Burning "Teammate" Golem
0%
025 Neksdor Cacti Stack
0%
037 Neksdor Cactus Ball
0%
106 Peculia Cactus Cool
0%
195 New Lumos (3rd District) Calamitous Armor
0%
241 New Lumos (2nd District), Tower of Dread Calc King
0%
216 Uncharted Galados, New Lumos (5th District) Clever Running Nose
0%
255 Tower of Despair Colossal Serpent
0%
096 Powdered Peaks Crystal
0%
005 Greenhorne, Neksdor Cumulus
0%
118 Peculia Cursed Armor
0%
046 Neksdor "Dancing Guide" (Mona Lisa)
0%
143 The Sky Scraper Dangerous Bomb
0%
072 Karkaton Ascent, Karkaton Peak, Karkaton Dark Griffin
0%
248 New Lumos (6th District), Tower of Dread Dark King
0%
194 New Lumos (3rd District) Dark Medusa
0%
247 New Lumos (6th District), Tower of Dread Dark Queen
0%
251 Tower of Despair Dark Sun
0%
120 New Lumos (2nd District) Deadly Demon
0%
137 The Sky Scraper Death Butterfly
0%
163 Realm of the Fey (Quest) Delicious Snurp
0%
056 Realm of the Fey Demon Spider
0%
229 Uncharted Galados, New Lumos (7th District, 8th District) Devilish Skulleton
0%
001 Greenhorne Mini "Sassy Child" Slime
0%
105 Peculia Donnut Touchshroom
0%
147 The Sky Scraper Doom Shield
0%
146 The Sky Scraper Doom Sword
0%
236 New Lumos (8th District) Doo-Whopper
0%
245 New Lumos (4th District), Tower of Dread Dragon Lord
0%
059 Realm of the Fey "Eldest Fab Fairy" Owl
0%
252 Tower of Despair Elite Goblin
0%
028 Neksdor Evil Mole
0%
249 New Lumos (7th District), Tower of Dread Evil Sage
0%
132 The Sky Scraper "Ex-Dark Lord", Phantom of Evil
0%
225 (Quest) Extra Spicy Burger
0%
178 New Lumos (1st District) Facerberus
0%
156 Realm of the Fey, Karkaton Ascent, Karkaton, Peculia Fiend
0%
117 The Sky Scraper Fire Demon
0%
089 Karkaton Flaming Wind
0%
053 Realm of the Fey Forest Goblin
0%
032 Neksdor Fossil
0%
213 New Lumos (5th District) Fossil (Fish)
0%
179 New Lumos (1st District) Fossil (Foot)
0%
243 New Lumos (3rd District), Tower of Dread Frog King
0%
244 New Lumos (3rd District), Tower of Dread Frog Queen
0%
109 Peculia Ghost Mallet
0%
224 Uncharted Galados Giant UFO
0%
183 New Lumos (3rd District) Glamorous Pharaoh
0%
077 Karkaton Ascent, Karkaton Gold Butterfly
0%
228 (Quest) Gold Crystal
0%
174 (Quest) Gold Glyph
0%
220 (Quest) Gold "Traveler's Friend" Golem
0%
256 Tower of Despair Gourmet Burger
0%
237 New Lumos (8th District) Great Harpy
0%
108 Peculia Hamburger
0%
190 New Lumos (4th District) Hamburger Surprise
0%
217 Uncharted Galados, New Lumos (5th District, 6th District) Ham Sandwich
0%
173 (Quest) Harpy
0%
126 Nimbus Healing Cloud
0%
253 Tower of Despair Heavy Golem
0%
215 New Lumos (5th District, 6th District) Heavy Hammer
0%
034 Neksdor Hermit Crab Fossil
0%
044 Neksdor Hieroglyph
0%
054 Realm of the Fey, Karkaton Ascent, Karkaton Hobgoblin
0%
140 The Sky Scraper Hobgoblin Bully
0%
214 New Lumos (5th District) Hobgoblin Mage
0%
203 (Quest) Ice Coolman
0%
094 Powdered Peaks Ice Maiden
0%
197 New Lumos (3rd District) Ice Tower
0%
138 The Sky Scraper I, Medusa
0%
205 New Lumos (5th District) Iron General
0%
029 Neksdor Jade Butterfly
0%
261 Tower of Despair Juvenile Snurp
0%
042 Neksdor, Realm of the Fey Kind Golem
0%
240 New Lumos (1st District), Tower of Dread King Cow
0%
246 New Lumos (5th District), Tower of Dread King of Hounds
0%
026 Neksdor Lady Mural
0%
204 Greenhorne (Quest) Licorice Jelly
0%
259 Tower of Despair Light Lord
0%
016 Greenhorne, Karkaton Ascent Lightning Cloud
0%
260 Tower of Despair Light Sage
0%
167 Galados Isle Lion Snail
0%
033 Neksdor Lizard Fossil
0%
119 Peculia, Nimbus Lizardman
0%
199 (Quest) Lizard"traveler"man
0%
008 Greenhorne "Lovey-Dovey Woman" Mouse (Yellow)
0%
058 Realm of the Fey Lureshroom
0%
075 Karkaton Ascent Magma "Teammate" Slime
0%
027 Neksdor Man Mural
0%
019 Greenhorne Mars Mii Trap
0%
121 Nimbus Mecha Goblin
0%
122 Nimbus Mecha Skulleton
0%
250 New Lumos (8th District), Tower of Dread Medal
0%
127 Nimbus Metal Scorpion
0%
149 Otherworld Meteorite
0%
035 Neksdor Minotaur
0%
069 Realm of the Fey "Mischievous Witch" Slime
0%
201 New Lumos (4th District) Moldy Mummy
0%
114 Greenhorne (Quest) Mouse
0%
052 Realm of the Fey Mouthy Tomato
0%
021 Greenhorne, Karkaton Naughty Imp
0%
254 Tower of Despair Neon Pharaoh
0%
112 Peculia (Quest) "Noble Lady"
0%
015 Greenhorne Nose Rock
0%
129 The Sky Scraper Orochi
0%
061 Realm of the Fey, Karkaton Ascent Owlet
0%
076 Karkaton Ascent Paincloud "Teammate"
0%
095 Powdered Peaks Peach Jelly
0%
013 Greenhorne Poison Moth
0%
131 The Sky Scraper Pop
0%
166 Galados Isle Pop Pop Pop
0%
208 New Lumos (4th District, 5th District) Pop Poppy
0%
189 New Lumos (2nd District) Poppy
0%
113 Peculia (Quest) Pop-Up Puppet
0%
040 Neksdor "Prickly Husband" Cobra
0%
164 Galados Isle Pufferpole
0%
223 New Lumos (6th District, 7th District) Punk Pengy
0%
202 (Quest) Puppet Master
0%
226 (Quest) Puppet "Traveler"
0%
130 The Sky Scraper Purple Crystal
0%
210 Uncharted Galados, New Lumos (4th District) Purple Woof-o'-the-Wisp
0%
198 Uncharted Galados Red Dragon
0%
257 Tower of Despair Red Fiend
0%
030 Neksdor Red Goblin
0%
212 Uncharted Galados Red Orochi
0%
200 (Quest) Red "Traveler's Friend" Golem
0%
145 The Sky Scraper Red "Youngest Fab Fairy" Frog
0%
181 New Lumos (1st District) Retroputer
0%
230 New Lumos (7th District) Retroputer II
0%
159 The Sky Scraper, Galados Isle Rich Snurp
0%
125 Nimbus Robo-Pengy
0%
128 Nimbus (Quest) Robo-"Traveler"
0%
045 Neksdor Rock Face
0%
172 New Lumos (1st District) Rock Hopper
0%
002 Greenhorne Rock Moth
0%
006 Greenhorne Rocky "Sarcastic Guy"
0%
235 New Lumos (8th District) Roll Hopper
0%
024 Neksdor Scaredy-Scorpion
0%
036 Neksdor Scary Scorpion
0%
047 Neksdor "Shady Merchant Daughter" Blade
0%
048 Neksdor "Shady Merchant Father" Shield
0%
085 Karkaton Silver Cobra
0%
107 Peculia Silver Glyph
0%
104 Peculia Slorm
0%
007 Greenhorne Smileshroom
0%
064 Realm of the Fey Snail
0%
168 Galados Isle Snapperpole
0%
098 Powdered Peaks Snow Griffin
0%
093 Powdered Peaks Snowman
0%
233 (Quest) Snow "Traveler's Friend"
0%
148 Otherworld Space Goblin
0%
084 Karkaton Spike Tower
0%
087 Karkaton Spirit Shield
0%
086 Karkaton Spirit Sword
0%
063 Realm of the Fey Spring Breeze
0%
083 Karkaton Study of "Teammate"
0%
186 New Lumos (2nd District) Super Alien
0%
065 Realm of the Fey Tadman
0%
111 Peculia, The Sky Scraper Tarantula
0%
088 Karkaton "Teammate" Armor
0%
154 Otherworld "Teammate" Coin
0%
082 Karkaton "Teammate" Demon
0%
157 The Sky Scraper, New Lumos (3rd District, 5th District, 8th District) Terror Fiend
0%
067 Realm of the Fey Tomato Bros
0%
238 (Quest) "Traveler"berus
0%
185 Galados Isle (Quest) "Traveler" Hammer
0%
232 (Quest) "Traveler" Medusa
0%
206 (Quest) "Traveler" Mouse (Blue)
0%
239 (Quest) "Traveler" & Orochi
0%
176 (Quest) "Traveler" (Otani Oniji II)
0%
184 (Quest) "Traveler"puter
0%
192 (Quest) "Traveler's Friend"otaur
0%
211 (Quest) "Traveler" Tower
0%
177 Powdered Peaks (Quest) "Traveler" Wind
0%
182 New Lumos (1st District) Troll
0%
169 Galados Isle Twergull
0%
209 (Quest) Twerpea
0%
242 New Lumos (2nd District), Tower of Dread Ultimate Robot Warrior
0%
038 Neksdor Venus Mii Trap
0%
196 New Lumos (3rd District) Very Dangerous Bomb
0%
115 Greenhorne (Quest) Wild Mouse
0%
231 New Lumos (7th District) Wild Running Nose
0%
219 (Quest) Wind Queen "Traveler"
0%
139 The Sky Scraper Wizened Owl
0%
031 Neksdor Yellow Cobra
0%
100 Powdered Peaks Yeti
0%
No matching quizzes found
Score Distribution
Percent of People with Each Score
Percentile by Number Answered
Your Score History
You have not taken this quiz